000 00321nam a2200109Ia 4500
008 160531s9999 xx 000 0 und d
100 _aIvanov, Volodymyr.
245 _aEnvironmental Microbiology For Engineers
245 _cBy:Volodymyr Ivanov
260 _c2011
856 _uhttp://file.ebook777.com/004/EnvMicForEng.pdf
999 _c295516
_d295516